000 00308nam a2200133Ia 4500
008 221030s9999 xx 000 0 und d
041 _aEnglish
082 _a105.23
100 _aR. B. Altman
245 0 _aMastering Pagemaker 5.0 for Windows
_cby R. B. Altman
260 _c0
650 _aB
942 _cBK
999 _c11981
_d11981